[Event "Nikolaev zt"]
[Site "Nikolaev"]
[Date "1993.??.??"]
[Round "?"]
[White "Golubev, Mikhail"]
[Black "Frolov, Artur"]
[Result "0-1"]
[WhiteElo "2495"]
[BlackElo "2530"]
[Annotator "Chekhov,V"]
[PlyCount "90"]
[EventDate "1993.03.??"]
[EventType "swiss"]
[EventRounds "11"]
[EventCountry "RUS"]
[SourceTitle "CBM 035"]
[Source "ChessBase"]
[SourceDate "1993.08.01"]
[SourceVersion "1"]
[SourceVersionDate "1993.08.01"]
[SourceQuality "1"]

1. e4 {Ernst} e5 2. Nc3 Nf6 3. Nf3 Nc6 (3... Bb4 $6 4. Nxe5 O-O 5. Be2 Re8 6.
Nd3 Bxc3 7. dxc3 $14 {Rozentalis-Chekhov/SSSR/1986/}) 4. d4 (4. Bb5 $5) 4...
exd4 (4... Bb4 5. Nxe5 Nxe4 6. Qg4 Nxc3 7. Qxg7 Rf8 8. a3 Ba5 (8... Nxd4 $6 9.
axb4 Nxc2+ 10. Kd2 Nxa1 11. Kxc3 a5 12. Bc4 Qe7 13. Re1 $1 Qxb4+ 14. Kd3 d5 15.
Nxf7+ $1 {1-0/Diaz-Rodriguez,A/Cuba/1981/}) 9. Nxc6 dxc6 10. Qe5+ Qe7 11. Qxe7+
Kxe7 12. Bd2 Bf5 13. bxc3 Bxc2 14. c4 Bxd2+ 15. Kxd2 Bg6 16. h4 $14) 5. Nxd4 (
5. Nd5 $6 Be7 6. Bf4 d6 7. Nxd4 O-O 8. Nb5 Nxd5 9. exd5 Ne5 10. Qd2 c6 11. Nc3
Ng6 $5 (11... Re8 $5) (11... Bf5 $5) 12. Be3 c5 13. Be2 f5 14. f4 Bf6 15. Nd1
Qe8 16. O-O b5 17. Bf2 a6 18. Bf3 Ra7 19. g3 Re7 $15 {Prie-Van der Wiel/
France-Nederland/1990/}) 5... Bb4 6. Nxc6 bxc6 7. Bd3 d5 8. exd5 Qe7+ (8...
cxd5 9. O-O O-O 10. Bg5 c6 $1 (10... Be6 $6 11. Nb5 $1 c5 12. a3 Ba5 13. b4
cxb4 14. Qe1 {Krogius} bxa3 15. Bxf6 gxf6 16. Qe3 Bb6 17. Qh6 $36 {
Yakovich-Ernst/Gausdal/1991/}) 11. Na4 $1 (11. Ne2 $6 h6 12. Bh4 Bd6 13. Nd4 c5
14. Nf5 Bxf5 15. Bxf5 Rb8 $10 {Lutz,C-Yusupov,A/Munich/1992/}) 11... h6 12. Bh4
Re8 13. c4 $1 Rb8 14. Rc1 Be6 {Milos-Kamsky,G/Manila ol/1992/} 15. b3 $16) 9.
Qe2 Nxd5 $5 (9... Qxe2+ 10. Kxe2 Nxd5 (10... cxd5 11. Nb5 Ba5 12. Bf4 Kd8 $14)
11. Nxd5 cxd5 12. Bb5+ Bd7 13. Bxd7+ Kxd7 14. Rd1 Rhe8+ 15. Be3 Kc6 (15... Re5
16. c4 c6 17. cxd5 Rxd5 18. Rac1 Rxd1 19. Rxd1+ Ke6 20. Rd3 $1 $16 {
Esteves-Nogueiras/Santa Clara/1991/}) 16. c4 $1 dxc4 17. Rd4 Ba5 18. Rc1 Rad8
19. Rcxc4+ Kb7 20. Rxd8 Rxd8 21. Rh4 $1 h6 22. Rd4 $16 {Oll-Beliavsky/Manila
ol/1992/}) 10. Qxe7+ Kxe7 11. a3 Ba5 $5 $146 (11... Bxc3+ $5 12. bxc3 Be6 13.
O-O f6 14. c4 Nb6 15. Be4 Bxc4 16. Re1 Kf7 17. Bxc6 Rad8 18. Be3 Bd5 19. Bb5
Bc4 {Lautier-Karpov/Biel/1992/} 20. Bxb6 $1 Bxb5 21. Bxa7 Rd2 $14) 12. b4 Bb6 (
12... Nxc3 13. bxa5 $16) (12... Bxb4 13. axb4 Nxc3 14. Bb2 Nd5 15. Bxg7 Rg8 16.
Be5 $16 {Karpov}) 13. Ne2 {/\ c4-c5} Nf6 14. a4 $5 (14. O-O $5) 14... a5 15.
Ba3 axb4 16. Bxb4+ c5 17. Bc3 Be6 18. Bb5 $6 (18. a5 c4 (18... Ba7 19. Ra4 $1)
19. axb6 Rxa1+ 20. Bxa1 cxd3 21. cxd3 cxb6 $10) 18... Nd5 19. O-O (19. Bd2 $6
Nb4 {/\ c6}) (19. Bxg7 Rhg8 20. Be5 Rxg2 21. Bg3 Ba5+ 22. Kf1 Bh3) 19... Nxc3
20. Nxc3 Rhd8 21. Bc6 Ra5 22. Rfd1 Rd4 $15 23. Nb5 $6 Rb4 $5 (23... Rc4 $5) 24.
Nc3 Rd4 25. Nb5 Rc4 $1 26. c3 (26. Rd2 $2 Rcxa4) 26... h5 (26... Raxa4 {Ernst}
27. Rxa4 Rxa4 28. Nxc7 $10) 27. h3 h4 28. Re1 (28. Kh2 $6 Raxa4 29. Rxa4 Rxa4
$17) 28... Kf6 29. Red1 g5 30. Ra3 g4 31. hxg4 Rxg4 32. Kh1 (32. f3 $5) 32...
Rf4 33. f3 Kg5 34. Re1 Rf6 $1 35. Re5+ Kh6 36. Bd5 Bd7 $19 37. c4 c6 38. Re7
Bf5 39. Nc3 cxd5 40. Nxd5 Rg6 41. Rb3 Bd8 42. Rxf7 Be6 43. Rf8 Bxd5 44. cxd5
Bc7 45. Rb7 Bd6 0-1

[Event "Nabereznye Chelny"]
[Site "Nabereznye Chelny"]
[Date "1993.??.??"]
[Round "?"]
[White "Arkhipov, Sergey"]
[Black "Sideif Sade, Fikret Israfil O"]
[Result "1-0"]
[WhiteElo "2515"]
[BlackElo "2425"]
[Annotator "Chekhov,V"]
[PlyCount "113"]
[EventDate "1993.??.??"]
[EventType "tourn"]
[EventRounds "13"]
[EventCountry "RUS"]
[EventCategory "7"]
[SourceTitle "CBM 037"]
[Source "ChessBase"]
[SourceDate "1993.12.01"]
[SourceVersion "1"]
[SourceVersionDate "1993.12.01"]
[SourceQuality "1"]

1. e4 e5 2. Nf3 Nc6 3. Nc3 Nf6 4. d4 exd4 5. Nxd4 Bb4 6. Nxc6 bxc6 7. Bd3 d5 8.
exd5 cxd5 9. O-O O-O 10. Bg5 c6 11. Na4 $1 (11. Ne2 h6 12. Bh4 Bd6 13. Nd4 c5
14. Nf5 Bxf5 15. Bxf5 Rb8 16. b3 $6 Be5 17. Rb1 Qd6 18. Bg3 Bxg3 19. hxg3 Rfe8
$17 {Lutz,C-Yusupov,A Munchen 1992/}) 11... Qd6 $5 $146 (11... h6 12. Bh4 Re8 (
12... Bd6 $5 13. c4) 13. c4 Be6 14. Rc1 Rb8 15. cxd5 Bxd5 16. Bc4 $1 (16. Bb1
Bd6 17. Bg3 Rb4 18. a3 Rb8 19. Qd4 Bxg3 20. hxg3 a5 $132 {Milos,G-Kamsky
Manila 1992/}) 16... Bd6 17. b3 Be5 18. Bxd5 cxd5 19. Rc5 $14 {Lautier,
J-Campos Moreno,J Manila 1992/}) (11... Be7 12. Re1 Be6 13. c3 Qc7 14. Qf3 Rfe8
15. Re3 Ng4 16. Bf4 Qd7 17. Re2 c5 18. b3 Nf6 19. h3 Bd6 20. Rae1 Qc7 21. Bg5
Nd7 22. Qh5 Nf8 23. Bd2 Qd7 24. f4 $14 {Lautier,J-Sokolov,I Correze 1992/}) 12.
Qf3 Bg4 13. Qf4 $1 (13. Qg3 Qxg3 14. hxg3 Nd7 15. c3 Bd6 16. Rfe1 Ne5 $13 {
Arkhipov,S-Berzinsh,R Nabereznye Chelny 1993/}) 13... Qxf4 14. Bxf4 Rfe8 15. c3
Nh5 (15... Bf8 $5 $14) 16. Be3 Bd6 17. Rfe1 Nf6 (17... Nf4 18. Ba6 $16) 18. Bc5
Be5 19. f3 Bd7 20. Re2 $16 Bc7 21. Rae1 Rxe2 22. Rxe2 Be6 23. Bd4 Nd7 24. b4 a5
25. b5 cxb5 26. Bxb5 Nf8 27. Nc5 Bd6 28. a4 Rc8 29. Nb3 Bc7 30. Kf2 h5 31. g3
Rd8 32. Nc5 Rc8 33. Nd3 Bd6 34. Ne5 Ra8 35. Rb2 $1 f6 36. Nd3 Nd7 $6 (36... Ng6
$5 {/\Ne5/} 37. Nf4) 37. Nf4 Bxf4 $8 38. gxf4 Rb8 39. Kg3 Kf7 40. c4 $1 $18 Nf8
(40... dxc4 41. Bxd7 $18) 41. c5 Bf5 42. c6 Ne6 43. Ba7 h4+ 44. Kf2 (44. Kxh4
Rh8+ 45. Kg3 Rh3+ 46. Kg2 Nxf4+) 44... Ra8 45. Bb6 Nxf4 46. Ke3 Ng6 47. f4 Ne7
48. Kd4 g5 49. fxg5 fxg5 50. Bc5 Ng6 (50... Rc8 51. Bxe7 Kxe7 52. Kxd5 {
/\Re2+-/}) 51. c7 Nf4 52. Ke5 Kg6 (52... Nd3+ 53. Bxd3 Bxd3 54. Rb8 $18) 53.
Be3 Nh5 (53... Ne6 54. Bd7 $18) 54. Bc6 Rc8 55. Bb6 Nf6 56. Bb5 Rf8 57. Bc5 (
57. Bxa5 $18) 1-0

[Event "Bishkek zt"]
[Site "Bishkek"]
[Date "1993.??.??"]
[Round "?"]
[White "Nadyrhanov, Sergey"]
[Black "Safin, Shukhrat"]
[Result "1-0"]
[WhiteElo "2450"]
[BlackElo "2455"]
[Annotator "Chekhov,V"]
[PlyCount "87"]
[EventDate "1993.??.??"]
[EventType "tourn"]
[EventRounds "13"]
[EventCountry "KGZ"]
[EventCategory "7"]
[SourceTitle "CBM 035"]
[Source "ChessBase"]
[SourceDate "1993.08.01"]
[SourceVersion "1"]
[SourceVersionDate "1993.08.01"]
[SourceQuality "1"]

1. e4 {Horvath,T Ernst} e5 2. Nf3 Nc6 3. Nc3 Nf6 4. d4 Bb4 $5 (4... exd4 $5) 5.
Nxe5 (5. d5 $6 Ne7 6. Nxe5 (6. Qd3 $5 {Horvath,T} Ng6 7. g3 {/\Bd2 ; 0-0-0})
6... O-O 7. Bd3 Nexd5 8. exd5 Re8 9. O-O Rxe5 10. d6 Bxd6 11. Nb5 Bf8 12. Bf4
Rc5 13. Be3 Re5 $10) 5... Nxe4 (5... O-O 6. Qd3 $1 Re8 7. Bd2 Nxe5 8. dxe5 Rxe5
9. O-O-O $14 {Bykhovsky-Zaitsev/SSSR/1972/}) (5... Qe7 6. Qd3 Nxe5 7. dxe5 Qxe5
8. Bd2 O-O 9. O-O-O Bxc3 (9... d6 10. f4 $1 $16) 10. Bxc3 Qf4+ (10... Qxe4 11.
Qg3 $16 {Spielmann-Bogoljubov/Stockholm/1919/}) 11. Rd2 Qxe4 (11... Nxe4 $2 12.
Qd4 $1 $18) 12. Bxf6 Qxd3 13. Rxd3 $14 {Mjagmarsuren-Bisguier/Tallinn/1971/})
6. Qg4 (6. Qd3 {Ernst} d5 7. Be2 Qf6 $10 {Mahdy,K-Nielsen,M/Oberwart op/1992/})
6... Nxc3 7. Qxg7 Rf8 (7... Qf6 $6 8. Qxf6 Ne4+ 9. c3 Nxf6 10. Nxc6 Bxc3+ 11.
bxc3 dxc6 12. Bd3 $16 {Minev-Ivanov,P/Bulgaria/1960/}) 8. a3 Ba5 (8... Nxd4 9.
axb4 Nxc2+ 10. Kd2 Nxa1 11. Kxc3 a5 (11... Qe7 12. Bc4 d5 13. Bh6 $10 {
Rasidovic,S-Pavlovic,M/Biel op/1990/}) 12. Bc4 $1 (12. Bg5 axb4+ 13. Kd3 f6 14.
Be2 Qe7 15. Bh5+ Kd8 16. Nf7+ Rxf7 17. Bxf7 Qd6+ 18. Ke4 $1 fxg5 19. Qg8+ Ke7
20. Qe8+ Kf6 21. Qh8+ $10 {Polovodin-Katalymov/SSSR/1980/}) 12... Qe7 (12...
axb4+ 13. Kd2 d5 14. Bb5+ c6 15. Re1 $18) 13. Re1 $1 Qxb4+ (13... axb4+ 14. Kd2
d5 15. Bb5+ c6 16. Nxc6 $18) (13... d5 14. Bb5+ c6 15. Nxc6 Qxe1+ 16. Bd2 Qe4
17. Nb8+ Ke7 18. Bg5+ Kd6 19. Qxf8+ Kc7 20. Qc5+ Kxb8 21. Qd6+ Ka7 22. Be3+ $18
) 14. Kd3 d5 15. Nxf7+ $1 {1-0/Diaz-Rodriguez,A/Cuba/1981/} (15. Nxf7+ {Ernst}
Be6 16. Rxe6+ Kd7 17. Bxd5 $18 {Martin,B-Erlandsson,C/CCYB 03/1991/_})) 9. Nxc6
dxc6 10. Qe5+ Qe7 11. Qxe7+ Kxe7 12. Bd2 Bf5 13. bxc3 $1 (13. Bxc3 Bxc3+ 14.
bxc3 Bxc2 15. Kd2 Bg6 $10 (15... Bg6 {Horvath,T} 16. Re1+ Kd6 17. Bc4 c5 $10 {
Bogoljubov})) 13... Bxc2 14. c4 Bxd2+ 15. Kxd2 Bg6 (15... Bf5 {Horvath,T} 16.
Be2 {/\Bf3 ;Rhe1 ;g4 ;h4+/-}) 16. h4 h6 $6 (16... Kf6 $5) 17. Rh3 $1 Rad8 (
17... Rfe8 {Horvath,T} 18. Re3+ Kd6 $2 19. c5+ Kd5 20. Kc3 Rxe3+ (20... b5 21.
Rae1 $18) 21. fxe3 Re8 22. Bc4+ Ke4 23. Kd2 $18 {>=18... Kd7}) 18. Kc3 Rfe8 19.
Re1+ Kf8 20. Rhe3 $16 Rxe3+ 21. Rxe3 Re8 $6 (21... Bf5 $5) 22. Rxe8+ Kxe8 23.
Bd3 Bxd3 (23... Ke7 $5) 24. Kxd3 Ke7 25. Ke4 Ke6 (25... b5 {Horvath,T} 26. cxb5
cxb5 27. Kd5 $18) 26. g4 f6 27. f4 $18 a5 (27... b5 28. cxb5 cxb5 29. d5+ Kd6 (
29... Ke7 {Ernst} 30. Kd4 $18) 30. g5 $18) 28. a4 Kd6 29. c5+ (29. g5 hxg5 30.
fxg5 fxg5 31. hxg5 Ke6 32. Kf4 b5 $1) 29... Ke6 30. Ke3 (30. f5+ Kd7 31. d5 $18
) 30... b5 (30... Kd5 {Horvath,T} 31. h5 $1 b5 32. g5 fxg5 33. fxg5 bxa4 34. g6
$1 Ke6 35. Kd3 $18) 31. cxb6 cxb6 32. Kd3 b5 (32... Kd5 33. h5 $18) 33. axb5
cxb5 34. h5 $1 a4 35. g5 a3 36. Kc2 a2 37. Kb2 fxg5 38. fxg5 hxg5 39. d5+ Kf7
40. h6 g4 41. h7 Kg7 42. d6 g3 43. d7 g2 44. h8=Q+ 1-0

[Event "Fuerteventura"]
[Site "Fuerteventura"]
[Date "1992.??.??"]
[Round "?"]
[White "Lezcano Montalvo, Pedro"]
[Black "Flear, Glenn C"]
[Result "1/2-1/2"]
[WhiteElo "2325"]
[BlackElo "2495"]
[Annotator "ChessBase"]
[PlyCount "70"]
[EventDate "1992.10.??"]
[EventType "tourn"]
[EventRounds "9"]
[EventCountry "ESP"]
[EventCategory "7"]
[SourceTitle "TD"]
[Source "ChessBase"]
[SourceDate "1994.03.01"]
[SourceVersion "1"]
[SourceVersionDate "1994.03.01"]
[SourceQuality "1"]

1. e4 e5 2. Nf3 Nc6 3. Nc3 Nf6 4. d4 Bb4 5. Nxe5 Nxe4 6. Qg4 Nxc3 7. Qxg7 Rf8 {
(7...Df6)} (7... Qf6 $6) 8. a3 Ba5 9. Nxc6 dxc6 10. Qe5+ Qe7 11. Qxe7+ Kxe7 12.
Bd2 Bf5 13. bxc3 Bxc2 14. c4 Bxd2+ 15. Kxd2 Bf5 {(15... Ag6 16 h4 ?!)} (15...
Bg6 16. h4 $5) 16. Bd3 Bxd3 17. Kxd3 Rad8 18. Rhe1+ Kf6 19. Re5 $6 {(con 19.
Rc3 el blanco estí algo mejor)} b6 $1 20. Rae1 c5 21. R5e4 {(21.d5 ?!)} (21. d5
$5) 21... Rxd4+ {(21...cxd4 22.Tf4+!)} (21... cxd4 $2 22. Rf4+ $1) 22. Rxd4
cxd4 23. Kxd4 Rd8+ 24. Kc3 c5 25. Re3 Rd1 26. Rf3+ Kg7 27. Rg3+ Kf8 28. Rd3 Rg1
29. Rg3 h5 30. h3 f6 31. Kb3 Kf7 32. Kc3 Ra1 33. Kb2 Rf1 34. Rf3 h4 35. Kb3
Rb1+ {(36.Ra4 Tb2 37.g3=)} (35... Rb1+ 36. Ka4 Rb2 37. g3 $10) 1/2-1/2

[Event "SUI-chT"]
[Site "Switzerland"]
[Date "1998.04.26"]
[Round "?"]
[White "Donev, Ivo Hristov"]
[Black "Giertz, Niklaus"]
[Result "1/2-1/2"]
[WhiteElo "2420"]
[BlackElo "2310"]
[Annotator "Donev,I"]
[PlyCount "37"]
[EventDate "1998.03.29"]
[EventType "team-tourn"]
[EventRounds "9"]
[EventCountry "SUI"]
[SourceTitle "CBM 064"]
[Source "ChessBase"]
[SourceDate "1998.06.02"]
[SourceVersion "1"]
[SourceVersionDate "1998.06.02"]
[SourceQuality "1"]

1. e4 e5 2. Nf3 Nf6 3. Nc3 Nc6 4. a3 {Im Jahre 1994 überraschte mich ein
Fidemeister mit diesem auf den ersten Blick bescheiden wirkenden Zug. Die Idee
ist einfach: Weiß will die bekannte Variante im Schottischen Vierspringerspiel
mit einem Mehrtempo (a3 - das schützt vor Sb4 oder Lb4) spielen.  Generell
läßt sich sagen, daß Weiß dieses Mehrtempo nur in ganz wenigen Varianten
ausnutzen kann.} d5 5. exd5 Nxd5 6. Bb5 Nxc3 7. bxc3 Bd6 8. d4 exd4 9. cxd4 {
Auf dem Brett entsteht die bekannte Variante des Schottischen
Vierspringerspiels (C47) mit vertauschten Farben.} (9. Qe2+ Qe7 10. Qxe7+ Kxe7
11. cxd4 Bg4 12. Be3 Bxf3 13. gxf3 Nd8 14. O-O Ne6 15. Rfe1 c6 16. Ba4 Kf6 17.
c4 c5 18. d5 Nf8 19. Bd2 Ng6 20. Bc3+ Kg5 21. Re4 h5 22. Bd2+ Bf4 23. Rxf4 Nxf4
24. h4+ Kf5 25. Bc2+ Kf6 26. Bxf4 Rhe8 27. Be4 Rad8 28. Bg5+ Ke5 29. Bxd8 Rxd8
30. Rd1 Rd6 31. Kf1 Kf4 32. Rb1 b6 33. Re1 g5 34. hxg5 {Druckenthaner,A-Donev,
I/AUT-chT 1994/TD 94\03/1-0 (45)}) 9... O-O 10. O-O Bg4 11. c3 (11. Be2 Bxf3
12. Bxf3 Qh4 13. g3 Qxd4 14. Qxd4 Nxd4 15. Bxb7 Rab8 $17) (11. Bb2) 11... Qf6
12. Be2 Rfe8 13. Rb1 Rab8 (13... b6 14. Bb5) 14. h3 Bxh3 (14... Bh5 15. Rb5)
15. gxh3 Qe6 $3 {[%cal Ye6e2,Ye6h3]} (15... Qg6+ $6 {[%cal Yg6b1,Yg6g1]} 16.
Bg5 h6 17. Bd3 f5 (17... Qe6 18. Kg2 hxg5 19. d5 $1 $18) 18. Rb5 $1 $14) 16.
Bd3 (16. Be3 Qxh3 17. Bd3) (16. Re1 Qxh3 17. Rb5 Re4 $1 $19) 16... Qxh3 {
Das Dauerschach ist nicht abzuwenden.} 17. Rb5 Qg4+ 18. Kh1 Qh3+ 19. Kg1
1/2-1/2

[Event "Bishkek zt"]
[Site "Bishkek"]
[Date "1993.??.??"]
[Round "?"]
[White "Nadyrhanov, Sergey"]
[Black "Graf, Alexander"]
[Result "1/2-1/2"]
[WhiteElo "2450"]
[BlackElo "2565"]
[Annotator "Ernst,T"]
[PlyCount "101"]
[EventDate "1993.??.??"]
[EventType "tourn"]
[EventRounds "13"]
[EventCountry "KGZ"]
[EventCategory "7"]
[SourceTitle "CBM 035"]
[Source "ChessBase"]
[SourceDate "1993.08.01"]
[SourceVersion "1"]
[SourceVersionDate "1993.08.01"]
[SourceQuality "1"]

1. e4 e5 2. Nf3 Nc6 3. Nc3 Nf6 4. d4 Bb4 5. Nxe5 (5. d5 Ne7 6. Nxe5 O-O $10)
5... Qe7 6. Qd3 (6. Nxc6 Qxe4+ 7. Be2 dxc6 $10 (7... Qxc6 8. O-O Bxc3 $6 9.
bxc3 Qxc3 10. Rb1 O-O 11. d5 Qa5 (11... Qe5 12. c4 Re8 13. Bd3 d6 14. Bb2 Qh5
15. Qd2 $44 {Nimzowitsch,A-Leonhardt,P/Ostende-B/1907/}) 12. Rb5 Qa4 13. Bb2
$44 {Reefschläger,H-Hertneck,G/BL/8788/})) 6... Nxe5 (6... Nxd4 7. Qxd4 Bc5 8.
Qd3 Qxe5 9. f4 Qd4 10. Qxd4 Bxd4 11. e5 Bxc3+ 12. bxc3 Ne4 13. c4 $14 {
Ostermeyer,P-Neunhoeffer,H/BL/8990/}) (6... Bxc3+ 7. Qxc3 Nxe4 8. Qe3 d5 9.
Nxc6 bxc6 {Braune,P-Bierwisch,B/CC-BdF-Meisterkl-VorrJ33/1987/} 10. Bd3 $14) 7.
dxe5 Qxe5 8. Bd2 O-O 9. O-O-O d6 (9... Bxc3 10. Bxc3 Qf4+ (10... Qxe4 11. Qg3
$16) 11. Rd2 d5 12. exd5 Re8 13. b3 Bf5 14. Qf3 $16 {Bellon Lopez,J-Lukacs,P/
Bucaresti/1978}) 10. Kb1 $6 (10. f4 $1 Qa5 11. a3 Bxc3 12. Bxc3 Qh5 13. Bxf6
gxf6 14. Be2 $16 {Rosen-Wiesloch/corr/1967}) 10... Bd7 11. f3 Rad8 12. Be1 Rfe8
13. Bg3 Qa5 14. Nd5 Nxd5 15. Qxd5 Qxd5 16. Rxd5 Be6 17. Rb5 Bc5 18. Rxb7 Bb6
19. Bb5 Rf8 20. a4 f5 (20... Bc8 21. Rb8 $16) 21. a5 Bxa5 22. exf5 Rxf5 23. Bd3
Rh5 24. Rxa7 Rb8 25. Be1 Bb6 26. Ra4 Rg5 27. g3 Rf8 28. f4 Bd5 29. Be4 Re8 30.
fxg5 (30. Bxd5+ Rxd5 $44) 30... Bxe4 31. Rxe4 Rxe4 32. Bc3 Kf7 33. Re1 Rxe1+
34. Bxe1 Kg6 $10 35. Bc3 Bg1 36. Ba5 c6 37. Bc7 Bxh2 38. Bxd6 Kxg5 39. b4 Kg4
40. c4 h5 41. b5 cxb5 42. cxb5 h4 43. b6 Bxg3 44. Bc7 Bf2 45. b7 Ba7 46. Kc2
Kf3 47. Kd3 h3 48. Kc4 Kg2 49. Kb5 h2 50. Ka6 h1=Q 51. Kxa7 1/2-1/2

[Event "Lost Boys op"]
[Site "Antwerp"]
[Date "1998.08.08"]
[Round "8"]
[White "Finkel, Alexander"]
[Black "Reinderman, Dimitri"]
[Result "1/2-1/2"]
[WhiteElo "2455"]
[BlackElo "2540"]
[Annotator "Finkel,A"]
[PlyCount "94"]
[EventDate "1998.08.??"]
[EventType "swiss"]
[EventRounds "9"]
[EventCountry "BEL"]
[SourceTitle "CBM 067"]
[Source "ChessBase"]
[SourceDate "1998.11.30"]
[SourceVersion "2"]
[SourceVersionDate "1998.11.01"]
[SourceQuality "1"]

{[%mdl 6512]} 1. e4 e5 2. Nc3 Nf6 3. g3 Bc5 4. Bg2 O-O 5. Nf3 Nc6 (5... d5 $5)
6. O-O Re8 (6... d6 7. d3 Nd4 (7... a6 8. h3 h6 9. Nh4 $5 (9. Kh2 Be6 (9... Ba7
10. Be3 Nd4 11. Bxd4 $5 exd4 12. Ne2 c5 13. Nd2 Kh8 14. f4 $13 {Raaste,E-Norri,
J/FIN-ch 1996/0-1 (47)}) 10. Be3 (10. a3 Kh8 11. Qe1 Re8 12. b4 Ba7 13. Rb1 d5
14. exd5 Nxd5 $11 {Finkel,A-Lukacs,P/Budapest FS06 GM 1995 (41)}) 10... b5 11.
a3 $6 Bxe3 12. fxe3 d5 13. Nh4 $6 d4 14. exd4 Nxd4 15. Nf5 c5 $15 {Ignatiadis,
K-Vafiadis,K/ch-GRE (team), Poros GRE 1998/0-1 (53)}) 9... Nd4 10. Kh1 c6 11.
Ne2 d5 12. Nxd4 Bxd4 13. Qf3 dxe4 14. dxe4 a5 15. c3 Bc5 16. Nf5 $13 {Vega
Holm,F-Eslon,J/Ceuta-B 1993/0-1 (48)}) 8. h3 a5 9. Kh2 Re8 10. Nh4 h6 11. Ne2
d5 $132 {Situru,N-Iuldachev,S/Asian Teams, Genting Highlands MAS 1998 (21)}) 7.
d3 a6 8. Be3 d6 9. h3 (9. Qd2 $5 Nd4 10. Nxd4 Bxd4 11. Bxd4 exd4 12. Ne2 c5 13.
Rae1 Bd7 14. h3 Bc6 15. f4 $36 {Nepeina,M-Rause,O/Simferopol-W 1992 (49)}) 9...
h6 10. Nh4 {More in the spirit of the position was} (10. Bxc5 $5 dxc5 11. Kh2
b5 12. b3 Nd4 13. Nh4 Bb7 14. Qd2 Qd6 15. f4 $14 {with slightly better chanses.
}) 10... Nd4 11. Kh2 c6 12. Qd2 d5 $5 (12... b5 $5 13. f4 exf4 14. Bxf4 g5 $5
15. Bxg5 Ng4+ $1 16. hxg4 Qxg5 17. Qf2 Re7 $13) 13. exd5 cxd5 14. f4 exf4 15.
Bxf4 (15. Rxf4 $2 Nb3 $1 $19) 15... Kh7 $5 {[%cal Gg7g5]} (15... Ne6 $6 16. Be5
$1 Nd7 17. d4 Nxe5 18. dxe5 d4 19. Ne4 Qb6 20. Nf5 $14) (15... Be6 16. Be5 Nd7
17. Bxd4 Bxd4 18. Nxd5 Bxb2 19. Rab1 Be5 20. d4 Bd6 (20... Qxh4 21. dxe5 Qc4
22. Rxb7 $14) 21. Nf5 $14) 16. Rae1 $1 $36 ({Doesn't work} 16. Bxh6 $2 gxh6 17.
Nxd5 Nxd5 18. Rxf7+ Kg8 19. Qxh6 Kxf7 20. Qg6+ Ke7 $19 {and black king easily
escapes.}) 16... Rxe1 17. Qxe1 Nxc2 (17... g5 18. Be5 $16 {[%cal Gf1f7]}) 18.
Qc1 $1 {[%csl Rc5][%cal Gc1c5]} Nb4 (18... Nd4 $6 19. Be5 (19. Nxd5 Nxd5 20.
Qxc5 Nxf4 21. Rxf4 Ne6 22. Qf5+ Kh8 $13) 19... Nd7 20. Nxd5 $1 Nxe5 21. Qxc5
Ne6 22. Qe3 $16) 19. a3 $5 (19. Nxd5 Nbxd5 20. Qxc5 Be6 $11) 19... Nc6 20. Nxd5
Nxd5 21. Qxc5 Nxf4 22. Rxf4 $14 {White keeps an advantage thanks to strong
bishop on g2 and the d-pawn,which may become a real danger for black.} Be6 23.
Nf5 Qd7 $1 24. Nd4 (24. Nd6 $6 Rd8 25. Nxb7 Qxb7 26. Qxc6 Qxb2 $15) 24... Nxd4
25. Rxd4 Rc8 $1 $132 {Forcing the endgame with mutual chanses.} 26. Qb4 (26.
Rxd7 $2 Rxc5 27. Rxb7 Rc2 {[%csl Rb7][%cal Gc2g2,Ge6d5]} 28. Kg1 Rxg2+ $1 $19)
(26. Be4+ f5 27. Qxf5+ $1 Bxf5 28. Rxd7 {[%cal Ge4h7]} Bxe4 29. dxe4 Rc2+ 30.
Kg1 Rxb2 $11) 26... Qc7 27. Qxb7 Qxb7 28. Bxb7 Rc2+ 29. Kg1 Rxb2 30. Rb4 $6 (
30. Bxa6 $5 Bxh3 31. a4 $5 Rg2+ $6 (31... Be6 32. Rd8 Ra2 33. Bb5 Kg6 (33...
Bb3 34. Ra8 Bd5 35. Rd8 Bb3 $11) 34. d4 Bb3 35. Ra8 Kf5 36. a5 Ke4 $13) 32. Kh1
Rxg3 33. Kh2 Re3 (33... Rg4 $6 34. Rxg4 Bxg4 35. Bb7 $1 {[%cal Ga4a8]} Bd7 (
35... Be2 36. Be4+ g6 37. a5 f5) 36. a5 Bb5 37. a6 Bxa6 38. Bxa6 $14) 34. a5
Bf5 35. Bb5 Kg6 36. a6 Re7 37. Rd8 Kf6 38. d4 $36) 30... Ra2 $1 31. Ra4 Bxh3
32. Rxa6 Bf5 $1 33. d4 Rd2 $17 {Now white loses the pawn and his position
becomes very difficult.} 34. a4 (34. Rd6 Rd3 35. Kf2 Rxa3 36. Bf3 Rd3 $17)
34... Rxd4 35. a5 Be4 36. Ra7 Bxb7 $5 (36... f5 $5 37. a6 Rd7 38. Bxe4 Rxa7 39.
Bxf5+ Kg8 40. Bc8 Rc7 41. Bb7 Rc1+ 42. Kf2 Ra1 43. Ke3 Kf7 44. Kd4 Kf6 45. Kc5
Kg5 $19) 37. Rxb7 f5 38. a6 Ra4 39. a7 Ra2 40. Kf1 h5 $2 {Painfull mistake
permitting white to escape.Black put the pawn on h5 and now the king doesn't
have a pass to pawn g3!} (40... Kg6 41. Rc7 Kf6 42. Kg1 g5 43. Rb7 Kg6 $19 {
[%cal Gg6h5,Gh5g4]}) 41. Kg1 $11 Kh6 42. Rc7 g6 43. Rb7 Kg5 44. Rg7 Kf6 45. Rh7
Kg5 (45... h4 46. Rxh4 Rxa7 47. Kf2 Ke5 48. Rb4 $11) 46. Rg7 Kh6 47. Rf7 Kg5
1/2-1/2